Najviac privátiek je v kategóriách mlieko a mäso

Potravinárska komora Slovenska uskutočňuje už od roku 2013 prieskum podielu vystavenia privátnych značiek potravín na pultoch obchodov. Podiel privátiek dosiahol v roku 2023 až 26,8 %, čo je historicky najvyššia nameraná hodnota. Potvrdilo sa, že jedným z dôsledkov infl ácie je väčší presun spotrebi...

Descripción completa

Guardado en:
Detalles Bibliográficos
Formato: Capítulo de libro
Lenguaje:eslovaco
Materias:
Etiquetas: Agregar Etiqueta
Sin Etiquetas, Sea el primero en etiquetar este registro!

MARC

LEADER 00000naa a2200000 4500
001 0299461
005 20240417075306.2
041 0 |a slo 
044 |a SK 
245 1 0 |a Najviac privátiek je v kategóriách mlieko a mäso 
520 |a Potravinárska komora Slovenska uskutočňuje už od roku 2013 prieskum podielu vystavenia privátnych značiek potravín na pultoch obchodov. Podiel privátiek dosiahol v roku 2023 až 26,8 %, čo je historicky najvyššia nameraná hodnota. Potvrdilo sa, že jedným z dôsledkov infl ácie je väčší presun spotrebiteľov k lacnejším výrobkom a privátnym značkám. 
610 2 0 |a značky privátne 
610 2 0 |a výrobky živočíšne 
610 2 0 |a mlieko 
610 2 0 |a mäso 
610 2 0 |a inflácia 
610 2 0 |a dopyt spotrebiteľský